| 000 | 00578nam a2200181Ia 4500 | ||
|---|---|---|---|
| 999 |
_c43681 _d43681 |
||
| 003 | GCL | ||
| 005 | 20240530103941.0 | ||
| 008 | 140319s1991 le 000 0 ara d | ||
| 040 |
_aGCL / _cGCL |
||
| 082 | 0 | 4 |
_a920.71/ _bم أ |
| 100 | 0 | _aمجموعة من المؤلفين | |
| 245 | 1 | 0 |
_aاعلام النهضة الحديثة : _bالحلقة الثانية / _cمجموعة من المؤلفين |
| 250 | _aط.1 | ||
| 260 |
_aبيروت : _bدار الحمراء، _c1991. |
||
| 300 |
_a311ص. ؛ _c24سم. |
||
| 650 | 0 | 7 |
_2qrmak _aالرجال _vتراجم |
| 942 |
_2ddc _cBK |
||